000 00592nam a2200217Ia 4500
005 20220806090717.0
008 131103s9999 xx 000 0 und d
040 _aLoreto College
041 _aEnglish
082 _a572
_bMAJ
100 _aMajumdar, D.N.
245 _aRaces and cultures of India
_cD.N.Majumdar
250 _aRev. & enl. 4th ed.
260 _aBombay
_bAsia Publishing
_c1961
300 _axvii, 483 p.
504 _aIncludes bibliography and index
650 _aCultural anthropology
651 _aCulture and institution - India
850 _aLCLIB
942 _cBK
999 _c1053
_d51532